GENERAL SHOP WOODWORKING (Record no. 580757)
[ view plain ]
| 000 -LEADER | |
|---|---|
| fixed length control field | 00294nam a22001217a 4500 |
| 020 ## - INTERNATIONAL STANDARD BOOK NUMBER | |
| International Standard Book Number | 87345-031-0 |
| 082 ## - DEWEY DECIMAL CLASSIFICATION NUMBER | |
| Classification number | 694.1 FRY'G |
| 100 ## - MAIN ENTRY--PERSONAL NAME | |
| Personal name | LABERGE, ARMAND J,FRYKLUND, V. C |
| 9 (RLIN) | 75317 |
| 245 ## - TITLE STATEMENT | |
| Title | GENERAL SHOP WOODWORKING |
| 260 ## - PUBLICATION, DISTRIBUTION, ETC. | |
| Place of publication, distribution, etc. | BLOOMINGTON |
| Name of publisher, distributor, etc. | MCKNIGHT |
| Date of publication, distribution, etc. | 1972 |
| 300 ## - PHYSICAL DESCRIPTION | |
| Extent | 240P |
| 942 ## - ADDED ENTRY ELEMENTS (KOHA) | |
| Koha item type | Book |
| Withdrawn status | Lost status | Damaged status | Not for loan | Permanent Location | Current Location | Shelving location | Date acquired | Total Checkouts | Full call number | Barcode | Date last seen | Price effective from | Koha item type |
|---|---|---|---|---|---|---|---|---|---|---|---|---|---|
| College of Electrical & Mechanical Engineering (CEME) | College of Electrical & Mechanical Engineering (CEME) | General Stacks | 05/17/2017 | 694.1 FRY'G | CEME-15132 | 06/28/2021 | 06/28/2021 | Book |
